Italian Logo Quiz! #2 - Statistics

General Stats
  • This quiz has been taken 72 times
  • The average score is 11 of 24
Answer Stats
Picture Answer % Correct
Aprilia
76%
Juventus
75%
Kappa
69%
Lavazza
64%
Ducati
60%
Aperol
58%
Eni
56%
Illy
56%
Abarth
49%
Campari
49%
Iveco
44%
Delonghi
40%
Peroni
40%
S. Pellegrino
40%
Generali
36%
TIM
36%
Lotto
35%
Piaggio
33%
Valentino
31%
Chicco
29%
Sergio Tacchini
29%
Vespa
27%
Unicredit
25%
Enel
24%
No matching quizzes found
Score Distribution
Percent of People with Each Score
Percentile by Number Answered
Your Score History
You have not taken this quiz